Duszniki Zdrój i okolice
| Titel: | Duszniki Zdrój i okolice / opracowanie: Tomasz Wojtasik, R. Fronia, P. Pietrzak |
|---|---|
| Beteiligt: | ; ; |
| Ausgabe: | Wydanie 1 lato 2004 |
| Maßstab: | 1:10 000 |
| Veröffentlicht: | Jelenia Góra : Plan Wydawnictwo Turystyczne, 2004 |
| Umfang: | 1 Karte : farbig ; 69 x 47 cm, auf Blatt 69 x 49 cm, gefaltet 25 x 12 cm |
| Format: | Karte |
| Sprache: | Polnisch; Deutsch |
| ISBN: | 8388049933 ; 9788388049934 |
alg: 47770848 001A $03004:08-04-21 001B $01999:19-06-23 $t22:54:56.000 001D $03004:08-04-21 001U $0utf8 001X $00 002@ $0Kau 002C $akartografisches Bild $bcri $2rdacontent 002D $aohne Hilfsmittel zu benutzen $bn $2rdamedia 002E $aBlatt $bnb $2rdacarrier 003@ $047770848X 003O $01245474005 $aOCoLC 004A $083-88049-93-3 004A $A978-83-88049-93-4 007A $047770848X $aHEB 010@ $apol $ager 010E $erda 011@ $a2004 $n2004 013D $RGrafische Darstellung $#Cartes $#Maps $#Plans $#Amtliche Karte Formschlagwort $#Landkarte $#Wandkarte Formschlagwort $#Wanderkarte Formschlagwort $#Straßenkarte Formschlagwort $#Weltkarte Formschlagwort $#Karten $#Landkarten $#Kartenmaterial $#Geografische Karte $74029783-4 $8Karte [Tsz] $9085078743 013D $RKarte $#Ortsplan $#Stadtatlas $#Stadtpläne $74129845-7 $8Stadtplan [Ts1] $9085456683 021A $aDuszniki Zdrój i okolice $hopracowanie: Tomasz Wojtasik, R. Fronia, P. Pietrzak 027A $aZieleniec 027A $aOkolice Dusznik-Zdróju 028C $BMitwirkender $4ctb $8Wojtasik, Tomasz [Tnu] $9476238005 028C $BMitwirkender $4ctb $8Fronia, Rafał$Z1971- [Tp2] $9508893364 028C $BMitwirkender $#Pietrzak, P. $4ctb $7 $8Pietrzak, Piotr [Tnd] $915363958X 032@ $aWydanie 1 lato 2004 033A $pJelenia Góra $nPlan Wydawnictwo Turystyczne 034D $a1 Karte 034I $a69 x 47 cm, auf Blatt 69 x 49 cm, gefaltet 25 x 12 cm 034M $afarbig 035E $a1:10 000 037A $aTitelzusatz auf der Rückseite: Plan centrum 1:7 500 : Wykaz bazy noclegowej : Mapa okolic 1:75 000 : Opis turystyczny z fotografiami 037A $aMit touristischen Informationen und Abbildungen 037A $aEnthält 2 Nebenkarten: [Zieleniec], circa 1:10 000, 31 x 24 cm, Okolice Dusznik Zdroju, 1:75 000, 24 x 24 cm 037A $aMit Straßenverzeichnis 037H $Aacx $dE 016 21 02 $eE 016 24 29 $fN 050 24 47 $gN 050 21 06 044K $RReinerz $#Duszniki-Zdrój $#Duezniki-Zdroj $#Reinerz Duszniki Zdrój $#Bad Reinerz Duszniki Zdrój $74103654-2 $8Duszniki Zdrój [Tg1] $9085303801 045F $a910.9438090511 $eDDC23BSB 045F/01 $a910 045F/03 $f090511 045F/03 $g438 045F/03 $g4385 046L $aText Polnisch, Legende Polnisch und Deutsch lok: 47770848 24 exp: 47770848 24 1 #EPN 201B/01 $008-04-21 $t10:16:34.000 201C/01 $008-04-21 201U/01 $0utf8 203@/01 $01148370293 208@/01 $a08-04-21 $bz 209A/01 $aK 14 VIII R 11 $dd $f050 $hK 14 8 R 11 $x00 209C/01 $a21 K 2005 $h05 00021 K 220C/01 $awei 244Z/01 $a--Tg1--Schlesien $#Schlesien $#Schlesien $#Herzogtum Schlesien $#Herzogtum Schlesien Schlesien $#Provinz Schlesien $#Śla̜sk $#Slezsko $#Silesia $74052678-1 $8--Tg1--Schlesien $x01 $9085146781 247C/01 $8358050-7Marburg, Bibliothek des Herder-Instituts Marburg $9102600961
| LEADER | 00000cem a2200000 c 4500 | ||
|---|---|---|---|
| 001 | 47770848X | ||
| 003 | DE-603 | ||
| 005 | 20230619225456.0 | ||
| 007 | a||||||| | ||
| 008 | 210408s2004 xx |||||| a || | ||pol c | ||
| 020 | |a 8388049933 | ||
| 020 | |a 9788388049934 | ||
| 034 | 0 | |a a |9 A:acx |d E 016 21 02 |e E 016 24 29 |f N 050 24 47 |g N 050 21 06 | |
| 035 | |a (DE-599)HEB47770848X | ||
| 035 | |a (OCoLC)1245474005 | ||
| 040 | |a DE-603 |b ger |c DE-603 |d DE-603 |e rda | ||
| 041 | |a pol |a ger | ||
| 082 | 0 | 4 | |8 1\u |a 910.9438090511 |q DE-101 |2 23/BSB |
| 085 | |8 1\u |b 910 | ||
| 085 | |8 1\u |z 1 |s 090511 | ||
| 085 | |8 1\u |z 2 |s 438 | ||
| 085 | |8 1\u |z 2 |s 4385 | ||
| 245 | 0 | 0 | |a Duszniki Zdrój i okolice |c opracowanie: Tomasz Wojtasik, R. Fronia, P. Pietrzak |
| 246 | 1 | 3 | |a Zieleniec |
| 246 | 1 | 3 | |a Okolice Dusznik-Zdróju |
| 250 | |a Wydanie 1 lato 2004 | ||
| 255 | |a 1:10 000 | ||
| 264 | 1 | |a Jelenia Góra |b Plan Wydawnictwo Turystyczne |c 2004 | |
| 300 | |a 1 Karte |b farbig |c 69 x 47 cm, auf Blatt 69 x 49 cm, gefaltet 25 x 12 cm | ||
| 336 | |a kartografisches Bild |b cri |2 rdacontent | ||
| 337 | |a ohne Hilfsmittel zu benutzen |b n |2 rdamedia | ||
| 338 | |a Blatt |b nb |2 rdacarrier | ||
| 500 | |a Titelzusatz auf der Rückseite: Plan centrum 1:7 500 : Wykaz bazy noclegowej : Mapa okolic 1:75 000 : Opis turystyczny z fotografiami | ||
| 500 | |a Mit touristischen Informationen und Abbildungen | ||
| 500 | |a Enthält 2 Nebenkarten: [Zieleniec], circa 1:10 000, 31 x 24 cm, Okolice Dusznik Zdroju, 1:75 000, 24 x 24 cm | ||
| 500 | |a Mit Straßenverzeichnis | ||
| 546 | |a Text Polnisch, Legende Polnisch und Deutsch | ||
| 651 | 7 | |a Duszniki Zdrój |0 (DE-588)4103654-2 |0 (DE-603)085303801 |2 gnd | |
| 655 | 7 | |a Karte |2 gnd-content |0 (DE-588)4029783-4 |0 (DE-603)085078743 | |
| 655 | 7 | |a Stadtplan |2 gnd-content |0 (DE-588)4129845-7 |0 (DE-603)085456683 | |
| 700 | 1 | |a Wojtasik, Tomasz |e Mitwirkender |4 ctb |0 (DE-603)476238005 | |
| 700 | 1 | |a Fronia, Rafał |d 1971- |e Mitwirkender |4 ctb |0 (DE-603)508893364 |0 (DE-588)129317856X |2 gnd | |
| 700 | 1 | |a Pietrzak, Piotr |e Mitwirkender |4 ctb |0 (DE-603)15363958X | |
| 924 | 0 | |9 Mb 50 |a (DE-603)1148370293 |b DE-Mb50 |c HES |d d |g K 14 VIII R 11 | |


